000 00321nam a22001217a 4500
008 180604b xxu||||| |||| 00| 0 eng d
041 _aeng
080 _a043.3
100 _a0
101 _aMBE-BTH
245 _aAplikimi i korrelacionit dhe regresionit në statistikat e sektorit financiar
_cDemolli,H
942 _2udc
_cBK
999 _c46290
_d46290